=LDR 00000nam 2200000 4500 =001 INLIS000000000005465 =005 20130612093719 =008 ***********************************Ind** =035 ##$$0010-061300000005465 =041 ##$$a Ind =082 ##$$a 100 =090 ##$$a 100, Sut s =100 ##$$a SUTRISNO, Muji =245 ##$$a Sari-sari pencerahan, Mudji Sutrisno =260 ##$$a 1997 $b Yogyakarta =300 ##$$a 70 hlm, 20 cm =650 ##$$a Filsafat =850 ##$$a NBPNMAT